Komponentní architektury COM+, CORBA, EJB

Na minha lista:
Detalhes bibliográficos
Main Authors: Zelený, Jindřich (Author), Nožička, Josef (Author)
Formato: Livro
Idioma:tcheco
Publicado em: Praha : BEN - technická literatura, 2002
Assuntos:
Tags: Adicionar Tag
Sem tags, seja o primeiro a adicionar uma tag!

MARC

LEADER 00000nam a22000003a 4500
001 stu113315
005 20220511102925.5
008 060308s2002----xr------------------cze-d
020 |a 80-7300-057-1 
040 |a STU  |b slo 
041 0 |a cze 
044 |a xr 
080 |a 681.3 
100 1 |a Zelený, Jindřich  |4 aut 
245 1 |a Komponentní architektury COM+, CORBA, EJB 
260 |a Praha :  |b BEN - technická literatura,  |c 2002 
300 |a 311 s. 
650 7 |a softvér  |2 stusub 
700 1 |a Nožička, Josef  |4 aut 
996 |b 284EK86134  |c E*86134  |l EE01  |s A  |a 24  |w stu113315_0001